Broadcast newswriting :the RTDNA reference guide / (Record no. 3751)

000 -LEADER
fixed length control field 00955cam a22003014a 4500
001 - CONTROL NUMBER
control field 16789073
003 - CONTROL NUMBER IDENTIFIER
control field OSt
005 - DATE AND TIME OF LATEST TRANSACTION
control field 20161202130740.0
008 - FIXED-LENGTH DATA ELEMENTS--GENERAL INFORMATION
fixed length control field 110520s2012 dcu 001 0 eng
010 ## - LIBRARY OF CONGRESS CONTROL NUMBER
LC control number 2011020719
020 ## - INTERNATIONAL STANDARD BOOK NUMBER
International Standard Book Number 9781608714162 (alk. paper)
040 ## - CATALOGING SOURCE
Original cataloging agency DLC
Transcribing agency DLC
Modifying agency DLC
042 ## - AUTHENTICATION CODE
Authentication code pcc
050 00 - LIBRARY OF CONGRESS CALL NUMBER
Classification number PN4784.B557 2012
082 00 - DEWEY DECIMAL CLASSIFICATION NUMBER
Classification number 808/.06607
Edition number 23
100 1# - MAIN ENTRY--PERSONAL NAME
Personal name Block, Mervin.
245 10 - TITLE STATEMENT
Title Broadcast newswriting :the RTDNA reference guide /
Statement of responsibility, etc Mervin Block.250
250 ## - EDITION STATEMENT
Edition statement 2nd ed.
260 ## - PUBLICATION, DISTRIBUTION, ETC. (IMPRINT)
Place of publication, distribution, etc Washington, DC :
Name of publisher, distributor, etc CQ Press,
Date of publication, distribution, etc 2012.
300 ## - PHYSICAL DESCRIPTION
Extent xi, 255 p. ;
Dimensions 23 cm.
500 ## - GENERAL NOTE
General note Includes index.
650 #0 - SUBJECT ADDED ENTRY--TOPICAL TERM
Topical term or geographic name as entry element Broadcast journalism
General subdivision Authorship.
650 #0 - SUBJECT ADDED ENTRY--TOPICAL TERM
Topical term or geographic name as entry element Report writing.
710 2# - ADDED ENTRY--CORPORATE NAME
Corporate name or jurisdiction name as entry element Radio-Television News Directors Association.
906 ## - LOCAL DATA ELEMENT F, LDF (RLIN)
a 7
b cbc
c orignew
d 1
e ecip
f 20
g y-gencatlg
942 ## - ADDED ENTRY ELEMENTS (KOHA)
Source of classification or shelving scheme
Koha item type Book
Holdings
Withdrawn status Lost status Source of classification or shelving scheme Damaged status Not for loan Home library Current library Shelving location Date acquired Total Checkouts Full call number Barcode Date last seen Date checked out Copy number Price effective from Koha item type
          Riara University Library Riara University Library General stack 02/12/2016 1 PN4784.B557 2012 8886/16 10/09/2019 21/08/2019 C.1 02/12/2016 Book

Riara University Library,
P.O. Box 49940-00100,
Nairobi, Kenya.